00418nam a2200145Ia 4500003000400000005001700004008004100021040000900062082001900071100004100090245005800131260004400189300000900233650003000242OSt20201231105657.0190216s9999||||xx |||||||||||||| ||und|| coclc a306.732bGAN/L1 aGandhi, MahatmacMahatma,d1869-1948 4aThe Law Of Continence: Brahmacharya /cMahatma Gandhi bBharatiya Vidya Bhavan,c1964.aBombay: a103p aBiography-English General